[Event "VAM Hoogeveen"]
[Site "Hoogeveen"]
[Date "1997.10.11"]
[Round "1"]
[White "Polgar, Judit"]
[Black "Smyslov, Vassily V"]
[Result "1/2-1/2"]
[WhiteElo "2670"]
[BlackElo "2480"]
[PlyCount "63"]
[EventDate "1997.10.11"]
[EventType "tourn"]
[EventRounds "6"]
[EventCountry "NED"]
[EventCategory "14"]
[SourceTitle "CBM 062"]
[Source "ChessBase"]
[SourceDate "1998.01.31"]
[SourceVersion "1"]
[SourceVersionDate "1998.01.31"]
[SourceQuality "1"]

1. e4 e5 2. Nf3 Nc6 3. Bb5 Nf6 4. 0-0 Nxe4 5. d4 Be7 6. dxe5 0-0 7. Qd5 Nc5 8. Be3 a6 9. Bxc5 axb5 10. Bxe7 Qxe7 11. Nc3 b4 12. Nb5 Ra5 13. a4 b6 14. Rfe1 Ba6 15. Rad1 Nb8 16. b3 Re8 17. Qd2 Bxb5 18. axb5 Rxb5 19. Re4 h6 20. Rg4 Qe6 21. h3 Nc6 22. Qxd7 Qxd7 23. Rxd7 Rc5 24. Rf4 Re7 25. Rxe7 Nxe7 26. Rxb4 Rxc2 27. Rd4 Nc6 28. Rd7 Rc5 29. Kf1 Nxe5 30. Nxe5 Rxe5 31. Rxc7 g6 32. g3 1/2-1/2

[Event "Sigeman & Co 05th"]
[Site "Malmo"]
[Date "1997.06.16"]
[Round "7"]
[White "Smyslov, Vassily V"]
[Black "Hellsten, Johan"]
[Result "1/2-1/2"]
[WhiteElo "2500"]
[BlackElo "2485"]
[PlyCount "89"]
[EventDate "1997.06.10"]
[EventType "tourn"]
[EventRounds "9"]
[EventCountry "SWE"]
[EventCategory "13"]
[SourceTitle "CBM 060"]
[Source "ChessBase"]
[SourceDate "1997.09.29"]
[SourceVersion "1"]
[SourceVersionDate "1997.09.29"]
[SourceQuality "1"]

1. e4 c5 2. Nf3 e6 3. b3 Nc6 4. Bb2 Nf6 5. e5 Nd5 6. c4 Nde7 7. g3 Nf5 8. Bh3 Nfd4 9. Bxd4 cxd4 10. 0-0 g6 11. d3 Bg7 12. Qe2 d6 13. exd6 Qxd6 14. Nbd2 Qa3 15. Ne1 0-0 16. Nc2 Qe7 17. f4 a5 18. a3 Bd7 19. Rab1 Rfb8 20. b4 axb4 21. axb4 Ra2 22. Qd1 b5 23. c5 Qd8 24. Bg2 Ne7 25. Ra1 Ra4 26. Rxa4 bxa4 27. Nc4 Nf5 28. c6 Be8 29. Qa1 Ne3 30. N4xe3 dxe3 31. d4 Qd6 32. Qc3 Bf6 33. Re1 Bd8 34. Rxe3 Bb6 35. Rd3 Ra8 36. Na3 e5 37. fxe5 Qxe5 38. Nc4 Qc7 39. b5 a3 40. Nxa3 Qe5 41. Rd1 Ra4 42. Nc2 Qxb5 43. Re1 Ra8 44. Rd1 Rc8 45. Ne3 1/2-1/2

[Event "Sigeman & Co 05th"]
[Site "Malmo"]
[Date "1997.06.15"]
[Round "6"]
[White "Hellers, Ferdinand"]
[Black "Smyslov, Vassily V"]
[Result "1/2-1/2"]
[WhiteElo "2585"]
[BlackElo "2500"]
[PlyCount "51"]
[EventDate "1997.06.10"]
[EventType "tourn"]
[EventRounds "9"]
[EventCountry "SWE"]
[EventCategory "13"]
[SourceTitle "CBM 060"]
[Source "ChessBase"]
[SourceDate "1997.09.29"]
[SourceVersion "1"]
[SourceVersionDate "1997.09.29"]
[SourceQuality "1"]

1. e4 e5 2. Nf3 Nc6 3. Bb5 g6 4. d4 exd4 5. Bg5 Be7 6. Bxe7 Qxe7 7. Bxc6 dxc6 8. Qxd4 Nf6 9. Nc3 Bg4 10. Nd2 c5 11. Qe3 0-0-0 12. h3 Be6 13. 0-0-0 Nd7 14. e5 Rhe8 15. Rhe1 f6 16. Nf3 fxe5 17. Nxe5 Nxe5 18. Qxe5 Rxd1+ 19. Rxd1 Bd7 20. Qxe7 Rxe7 21. Kd2 Bc6 22. f3 b5 23. Re1 Rd7+ 24. Ke3 b4 25. Nd1 Ba4 26. b3 1/2-1/2

[Event "Sigeman & Co 05th"]
[Site "Malmo"]
[Date "1997.06.14"]
[Round "5"]
[White "Smyslov, Vassily V"]
[Black "Sokolov, Ivan"]
[Result "1/2-1/2"]
[WhiteElo "2500"]
[BlackElo "2615"]
[PlyCount "84"]
[EventDate "1997.06.10"]
[EventType "tourn"]
[EventRounds "9"]
[EventCountry "SWE"]
[EventCategory "13"]
[SourceTitle "CBM 060"]
[Source "ChessBase"]
[SourceDate "1997.09.29"]
[SourceVersion "1"]
[SourceVersionDate "1997.09.29"]
[SourceQuality "1"]

1. e4 c5 2. Nf3 e6 3. Nc3 a6 4. d4 cxd4 5. Nxd4 d6 6. Bd3 g6 7. Be3 Nf6 8. Qd2 Nbd7 9. 0-0 Ng4 10. Bg5 Qb6 11. Be2 h6 12. Bxg4 hxg5 13. Bxe6 fxe6 14. Nxe6 Rb8 15. Nd5 Qxb2 16. Qxg5 Kf7 17. Nxf8 Rxf8 18. Qe7+ Kg8 19. Qxd6 Kg7 20. c3 Qb5 21. Nc7 Qe5 22. Ne6+ Kg8 23. Qxe5 Nxe5 24. Nxf8 Kxf8 25. f4 Nc4 26. f5 Kg7 27. g4 Bd7 28. Rad1 Bc6 29. Rd4 Ne5 30. h3 Re8 31. Kf2 Nf7 32. h4 g5 33. h5 Re5 34. Re1 Ra5 35. Re2 Ne5 36. Kg3 Ra3 37. Re3 Rxa2 38. Rd6 Ra5 39. Re6 Rc5 40. Re7+ Kf6 41. Rc7 Nf7 42. Rc8 Kg7 1/2-1/2

[Event "Sigeman & Co 05th"]
[Site "Malmo"]
[Date "1997.06.13"]
[Round "4"]
[White "Hansen, Curt"]
[Black "Smyslov, Vassily V"]
[Result "1/2-1/2"]
[WhiteElo "2605"]
[BlackElo "2500"]
[PlyCount "41"]
[EventDate "1997.06.10"]
[EventType "tourn"]
[EventRounds "9"]
[EventCountry "SWE"]
[EventCategory "13"]
[SourceTitle "CBM 060"]
[Source "ChessBase"]
[SourceDate "1997.09.29"]
[SourceVersion "1"]
[SourceVersionDate "1997.09.29"]
[SourceQuality "1"]

1. e4 e5 2. Nf3 Nc6 3. Bb5 Nf6 4. 0-0 Nxe4 5. d4 Be7 6. Re1 Nd6 7. Bxc6 dxc6 8. dxe5 Nf5 9. Qe2 Nd4 10. Nxd4 Qxd4 11. Nd2 Bg4 12. Nb3 Bxe2 13. Nxd4 Bg4 14. h3 Bd7 15. e6 fxe6 16. Nxe6 Kf7 17. Ng5+ Bxg5 18. Bxg5 Rhe8 19. Red1 Be6 20. a3 c5 21. Rd2 1/2-1/2

[Event "Sigeman & Co 05th"]
[Site "Malmo"]
[Date "1997.06.12"]
[Round "3"]
[White "Smyslov, Vassily V"]
[Black "Cramling, Pia"]
[Result "1/2-1/2"]
[WhiteElo "2500"]
[BlackElo "2545"]
[PlyCount "63"]
[EventDate "1997.06.10"]
[EventType "tourn"]
[EventRounds "9"]
[EventCountry "SWE"]
[EventCategory "13"]
[SourceTitle "CBM 060"]
[Source "ChessBase"]
[SourceDate "1997.09.29"]
[SourceVersion "1"]
[SourceVersionDate "1997.09.29"]
[SourceQuality "1"]

1. Nf3 Nf6 2. d4 g6 3. Bg5 Bg7 4. Nbd2 d5 5. e3 0-0 6. Be2 c5 7. c3 Qb6 8. Qb3 Nc6 9. 0-0 Be6 10. dxc5 Qxc5 11. Nd4 Bc8 12. Rfd1 a6 13. Rac1 Qa5 14. Bh4 Re8 15. N2f3 e6 16. c4 Qb4 17. Qxb4 Nxb4 18. a3 Nc6 19. cxd5 exd5 20. Nb3 Ne4 21. Nfd4 Bd7 22. f3 Nd6 23. Bf2 Nxd4 24. Nxd4 Rac8 25. Rxc8 Rxc8 26. Be1 Nf5 27. Nxf5 Bxf5 28. b4 Be6 29. b5 axb5 30. Bxb5 h5 31. Bb4 Rc2 32. Rd2 1/2-1/2